00704nam a2200193 i 450000100060000000300090000600500170001500700030003200800410003510000300007624501140010626000340022030000290025465000280028370000280031185200320033999900170037195201220038828887ES-MaACL20230906153939.0t|030120s1964 sp ||||1| spa d1 aBanani, Bernard B.92515610aRecintos acústicos para altavoces de alta fidelidad / cpor B.B. Banani ; [traducción de Carmen Cervera]. aMadrid : bParaninfo, c1964. a82 p. : bil. ; c17 cm. 4aAlta fidelidad.91653951 aCervera, Carmen.937627 aES-MaACLjC-25531 bR.53875 c28887d28887 00104070aATENEOMbATENEOMcDEPO2d2008-01-17eSCl0oC-25531p1029823r2023-02-23 00:00:00w2023-02-23yMONOGRAFIA